000 01136nam a22002535i 4500
001 164967
003 ES-MaACL
005 20250526063012.0
008 991029s1880 fr |||| | fre d
040 _aCCPB | B
_bspa
_cCCPB | B
100 1 _aSchopenhauer, Arthur,
_d1788-1860
_9240710
245 1 0 _aPensées, maximes et fragments /
_cSchopenhauer ; traduit, annoté et précédé d'une vie de Schopenhauer par J. Bourdeau.
260 _aParis :
_bLibrairie Germer-Baillière et Cie.,
_c1880 (
_eClichy :
_fImpr. Paul Dupont)
300 _a166 p. ;
_c18 cm.
505 8 _aContiene: I. Les douleurs du monde et le mal de la vie. -- II. L'amour, les femmes, le mariage. -- III. Aphorismes sur l'homme, la vie, la société, la politique, l'art, la religion, etc.
595 1 _aExiste una 2\pa\s ed. con idéntico pie de imp.
600 0 _aSchopenhauer, Arthur,
_d1788-1860-
_xPensamiento filosófico
_9224107
700 1 1 _aBourdeau, Jean,
_etrad.
_930955
752 _aFrancia -
_dParís
752 _aFrancia -
_dClichy
852 _aES-MaACL
_jF-11748(2)
_z-- Enc. hol.
999 _c164967
_d164967